000 00659cam a22002173a 4500
001 37253
003 PGUSA
005 20140828083822.0
008 110829s2011||||xxu|||||s|||||000 | eng d
040 _aPGUSA
_beng
042 _adc
100 1 _aStables, Gordon,
_d1840-1910
245 1 0 _aIn the Land of the Great Snow Bear :
_bA Tale of Love and Heroism
_h[electronic resource] /
_cGordon Stables
260 _bProject Gutenberg,
_c2011
506 _aPublic domain in the USA.
516 _aElectronic text
700 1 _aBrowne, Gordon,
_d1858-1932
830 0 _aProject Gutenberg
_v37253
856 4 0 _uhttp://www.gutenberg.org/ebooks/37253
942 _cEB
999 _c266507
_d266507